<?xml version="1.0" encoding="UTF-8"?>
<record
    xmlns:xsi="http://www.w3.org/2001/XMLSchema-instance"
    xsi:schemaLocation="http://www.loc.gov/MARC21/slim http://www.loc.gov/standards/marcxml/schema/MARC21slim.xsd"
    xmlns="http://www.loc.gov/MARC21/slim">

  <leader>01847nam0a2200373   4500</leader>
  <controlfield tag="001">RU\NLR\bibl\1114334</controlfield>
  <controlfield tag="005">20250615062733.0</controlfield>
  <datafield tag="010" ind1=" " ind2=" ">
    <subfield code="a">978-5-8071-0175-8</subfield>
    <subfield code="b">&#x412; &#x43F;&#x435;&#x440;.</subfield>
    <subfield code="9">1000</subfield>
  </datafield>
  <datafield tag="021" ind1=" " ind2=" ">
    <subfield code="a">RU</subfield>
    <subfield code="b">2007-42405</subfield>
    <subfield code="9">2270</subfield>
  </datafield>
  <datafield tag="035" ind1=" " ind2=" ">
    <subfield code="a">(nilc)RSL-KNO-003140604</subfield>
  </datafield>
  <datafield tag="035" ind1=" " ind2=" ">
    <subfield code="a">(NLR Aleph) 001101347</subfield>
  </datafield>
  <datafield tag="090" ind1=" " ind2=" ">
    <subfield code="a">1180255</subfield>
    <subfield code="c">1180255</subfield>
  </datafield>
  <datafield tag="100" ind1=" " ind2=" ">
    <subfield code="a">20070703d2007    |||y0rusy50      ca</subfield>
  </datafield>
  <datafield tag="101" ind1="1" ind2=" ">
    <subfield code="a">rus</subfield>
    <subfield code="c">eng</subfield>
  </datafield>
  <datafield tag="102" ind1=" " ind2=" ">
    <subfield code="a">RU</subfield>
  </datafield>
  <datafield tag="105" ind1=" " ind2=" ">
    <subfield code="a">y   zzzz|||||</subfield>
  </datafield>
  <datafield tag="200" ind1="1" ind2=" ">
    <subfield code="a">&#x421;&#x438;&#x446;&#x438;&#x43B;&#x438;&#x439;&#x441;&#x43A;&#x430;&#x44F; &#x412;&#x435;&#x447;&#x435;&#x440;&#x43D;&#x44F;: &#x438;&#x441;&#x442;&#x43E;&#x440;&#x438;&#x44F; &#x421;&#x440;&#x435;&#x434;&#x438;&#x437;&#x435;&#x43C;&#x43D;&#x43E;&#x43C;&#x43E;&#x440;&#x44C;&#x44F; &#x432; XIII &#x432;&#x435;&#x43A;&#x435;</subfield>
    <subfield code="f">&#x420;&#x430;&#x43D;&#x441;&#x438;&#x43C;&#x435;&#x43D; &#x421;&#x442;&#x438;&#x432;&#x435;&#x43D;</subfield>
    <subfield code="g">[&#x43F;&#x435;&#x440;. &#x441; &#x430;&#x43D;&#x433;&#x43B;. &#x41D;&#x435;&#x439;&#x441;&#x43C;&#x430;&#x440;&#x43A; &#x421;. &#x412;.]</subfield>
  </datafield>
  <datafield tag="210" ind1=" " ind2=" ">
    <subfield code="a">&#x421;&#x430;&#x43D;&#x43A;&#x442;-&#x41F;&#x435;&#x442;&#x435;&#x440;&#x431;&#x443;&#x440;&#x433;</subfield>
    <subfield code="c">&#x415;&#x432;&#x440;&#x430;&#x437;&#x438;&#x44F;</subfield>
    <subfield code="d">2007</subfield>
  </datafield>
  <datafield tag="215" ind1=" " ind2=" ">
    <subfield code="a">381, [1] &#x441;.</subfield>
    <subfield code="d">21</subfield>
  </datafield>
  <datafield tag="225" ind1="1" ind2=" ">
    <subfield code="a">Clio personalis</subfield>
  </datafield>
  <datafield tag="225" ind1="1" ind2=" ">
    <subfield code="a">CLIO</subfield>
  </datafield>
  <datafield tag="320" ind1=" " ind2=" ">
    <subfield code="a">&#x411;&#x438;&#x431;&#x43B;&#x438;&#x43E;&#x433;&#x440;. &#x432; &#x43F;&#x440;&#x438;&#x43C;.: &#x441;. 344-381</subfield>
  </datafield>
  <datafield tag="607" ind1=" " ind2=" ">
    <subfield code="a">&#x421;&#x440;&#x435;&#x434;&#x438;&#x437;&#x435;&#x43C;&#x43D;&#x43E;&#x43C;&#x43E;&#x440;&#x441;&#x43A;&#x438;&#x435; &#x441;&#x442;&#x440;&#x430;&#x43D;&#x44B;</subfield>
    <subfield code="x">&#x418;&#x441;&#x442;&#x43E;&#x440;&#x438;&#x44F;</subfield>
    <subfield code="z">13 &#x432;.</subfield>
    <subfield code="9">2320065</subfield>
    <subfield code="3">RU\NLR\auth\661388025</subfield>
  </datafield>
  <datafield tag="610" ind1="0" ind2=" ">
    <subfield code="a">&#x418;&#x441;&#x442;&#x43E;&#x440;&#x438;&#x44F;. &#x418;&#x441;&#x442;&#x43E;&#x440;&#x438;&#x447;&#x435;&#x441;&#x43A;&#x438;&#x435; &#x43D;&#x430;&#x443;&#x43A;&#x438; -- &#x418;&#x441;&#x442;&#x43E;&#x440;&#x438;&#x44F; &#x437;&#x430;&#x440;&#x443;&#x431;&#x435;&#x436;&#x43D;&#x44B;&#x445; &#x441;&#x442;&#x440;&#x430;&#x43D; -- &#x418;&#x442;&#x430;&#x43B;&#x438;&#x44F; -- &#x421;&#x440;&#x435;&#x434;&#x43D;&#x438;&#x435; &#x432;&#x435;&#x43A;&#x430; (5-80-&#x435; &#x433;&#x433;. 18 &#x432;.) -- &#x41F;&#x435;&#x440;&#x438;&#x43E;&#x434; &#x433;&#x43E;&#x440;&#x43E;&#x434;&#x441;&#x43A;&#x438;&#x445; &#x43A;&#x43E;&#x43C;&#x43C;&#x443;&#x43D; (10-13 &#x432;&#x432;.) -- &#x41A;&#x43B;&#x430;&#x441;&#x441;&#x43E;&#x432;&#x430;&#x44F; &#x431;&#x43E;&#x440;&#x44C;&#x431;&#x430;. &#x41E;&#x431;&#x449;&#x435;&#x441;&#x442;&#x432;&#x435;&#x43D;&#x43D;&#x43E;-&#x43F;&#x43E;&#x43B;&#x438;&#x442;&#x438;&#x447;&#x435;&#x441;&#x43A;&#x438;&#x435; &#x434;&#x432;&#x438;&#x436;&#x435;&#x43D;&#x438;&#x44F; -- &#x41D;&#x430;&#x446;&#x438;&#x43E;&#x43D;&#x430;&#x43B;&#x44C;&#x43D;&#x43E;-&#x43E;&#x441;&#x432;&#x43E;&#x431;&#x43E;&#x434;&#x438;&#x442;&#x435;&#x43B;&#x44C;&#x43D;&#x43E;&#x435; &#x434;&#x432;&#x438;&#x436;&#x435;&#x43D;&#x438;&#x435; -- "&#x421;&#x438;&#x446;&#x438;&#x43B;&#x438;&#x439;&#x441;&#x43A;&#x430;&#x44F; &#x432;&#x435;&#x447;&#x435;&#x440;&#x43D;&#x44F;" (1282)</subfield>
  </datafield>
  <datafield tag="610" ind1="0" ind2=" ">
    <subfield code="a">"&#x421;&#x438;&#x446;&#x438;&#x43B;&#x438;&#x439;&#x441;&#x43A;&#x430;&#x44F; &#x432;&#x435;&#x447;&#x435;&#x440;&#x43D;&#x44F;" (1282)</subfield>
  </datafield>
  <datafield tag="686" ind1=" " ind2=" ">
    <subfield code="a">&#x422;3(4&#x418;&#x442;)421-451,02</subfield>
    <subfield code="2">rubbk</subfield>
  </datafield>
  <datafield tag="686" ind1=" " ind2=" ">
    <subfield code="a">&#x422;3(0)42,02</subfield>
  </datafield>
  <datafield tag="700" ind1=" " ind2="1">
    <subfield code="4">070</subfield>
    <subfield code="7">ca</subfield>
    <subfield code="8">rus</subfield>
    <subfield code="a">&#x420;&#x430;&#x43D;&#x441;&#x438;&#x43C;&#x435;&#x43D;</subfield>
    <subfield code="b">&#x421;.</subfield>
    <subfield code="f">1903-2000</subfield>
    <subfield code="g">&#x421;&#x442;&#x438;&#x432;&#x435;&#x43D;</subfield>
    <subfield code="9">222880</subfield>
    <subfield code="3">RU\NLR\AUTH\770222936</subfield>
  </datafield>
  <datafield tag="801" ind1=" " ind2="0">
    <subfield code="a">RU</subfield>
    <subfield code="b">&#x420;&#x41A;&#x41F;</subfield>
    <subfield code="c">20070703</subfield>
    <subfield code="g">rcr</subfield>
  </datafield>
  <datafield tag="801" ind1=" " ind2="1">
    <subfield code="a">RU</subfield>
    <subfield code="b">&#x420;&#x413;&#x411;</subfield>
    <subfield code="c">20070703</subfield>
  </datafield>
  <datafield tag="801" ind1=" " ind2="2">
    <subfield code="a">RU</subfield>
    <subfield code="b">NLR</subfield>
    <subfield code="c">20070802</subfield>
    <subfield code="g">rcr</subfield>
  </datafield>
  <datafield tag="942" ind1=" " ind2=" ">
    <subfield code="c">BOOK</subfield>
  </datafield>
  <datafield tag="980" ind1=" " ind2=" ">
    <subfield code="a">NB</subfield>
  </datafield>
  <datafield tag="995" ind1=" " ind2=" ">
    <subfield code="5">2007-08-02</subfield>
    <subfield code="a">ad</subfield>
    <subfield code="b">NLR01</subfield>
    <subfield code="c">NLR01</subfield>
    <subfield code="e">RF9</subfield>
    <subfield code="f">2481619</subfield>
    <subfield code="k">2007-3/21668</subfield>
    <subfield code="o">0</subfield>
    <subfield code="r">BOOK</subfield>
    <subfield code="s">2007321668_</subfield>
  </datafield>
  <datafield tag="995" ind1=" " ind2=" ">
    <subfield code="5">2007-08-02</subfield>
    <subfield code="a">ad</subfield>
    <subfield code="b">NLR01</subfield>
    <subfield code="c">NLR01</subfield>
    <subfield code="e">RF9</subfield>
    <subfield code="f">1-379623</subfield>
    <subfield code="k">2007-3/21668</subfield>
    <subfield code="o">0</subfield>
    <subfield code="r">BOOK</subfield>
    <subfield code="s">2007321668_</subfield>
  </datafield>
  <datafield tag="995" ind1=" " ind2=" ">
    <subfield code="5">2007-09-07</subfield>
    <subfield code="a">aa</subfield>
    <subfield code="b">NLR02</subfield>
    <subfield code="c">NLR02</subfield>
    <subfield code="e">UCHZ</subfield>
    <subfield code="f">1-99414</subfield>
    <subfield code="k">&#x423;  &#x422;3(0)42/&#x420;-225</subfield>
    <subfield code="o">0</subfield>
    <subfield code="p">444.00</subfield>
    <subfield code="r">BOOK</subfield>
    <subfield code="s">_3042225</subfield>
  </datafield>
  <datafield tag="995" ind1=" " ind2=" ">
    <subfield code="5">2007-09-07</subfield>
    <subfield code="a">aa</subfield>
    <subfield code="b">NLR01</subfield>
    <subfield code="c">NLR01</subfield>
    <subfield code="e">OZ1</subfield>
    <subfield code="f">1-387171</subfield>
    <subfield code="k">&#x421;1 &#x422;3(0)42/&#x420;-220</subfield>
    <subfield code="o">0</subfield>
    <subfield code="p">444.00</subfield>
    <subfield code="r">BOOK</subfield>
    <subfield code="s">1_3042220</subfield>
  </datafield>
</record>
